000 00283nam a22001217a 4500
008 171009b xxu||||| |||| 00| 0 eng d
041 _aeng
080 _a159.9
100 _a49
101 _aPSI
245 _aSHAPING THE FUTURE OF FEMNIST PSYCHOLOGY
_cWORELL.J
942 _2udc
_cBK
999 _c32472
_d32472